[Event "XXVII RUS-chT Premier 2020"]
[Site "Sochi"]
[Date "2020.11.27"]
[Round "8.1"]
[White "Vitiugov, Nikita"]
[Black "Demchenko, Anton"]
[Result "1-0"]
[WhiteElo "2722"]
[BlackElo "2626"]
[Annotator "TA"]
[PlyCount "135"]
[EventDate "2020.11.19"]
[EventType "team-tourn"]
[EventCountry "RUS"]
[SourceTitle "playchess.com"]
[Source "ChessBase"]
[SourceQuality "1"]

{[%evp 17,135,1,28,28,32,27,17,22,26,0,0,0,62,49,102,102,112,103,108,119,102,32,25,25,23,34,28,29,30,25,20,43,73,74,108,97,104,43,57,47,48,24,71,0,0,0,56,0,0,10,13,11,11,0,0,0,11,0,13,8,28,28,30,26,30,37,54,64,64,68,61,66,85,35,42,43,213,179,313,310,285,285,406,400,402,399,333,285,1027,956,904,868,1000,964,991,113,1927,350,296,178,914,329,29975,29976,29976,29977,29977,29978,29978,29979,29979,29980,29980,29981,29982,29983,29983,29984,29988,29989]} 1. d4 d5 2. Nf3 Nf6 3. c4 e6 4. g3 Bb4+ 5. Bd2 Be7 6. Bg2 O-O 7. O-O Nbd7 8. Qc2 c6 9. Bf4 a5 10. Rd1 {E08: Closed Catalan: Main Line: 7 Qc2.} a4 11. a3 h6 12. Nc3 {[#] The position is equal.} Qa5 $146 ({Predecessor:} 12... dxc4 13. Nd2 Nb6 14. e4 Bd7 15. Rac1 Re8 16. Nf3 c5 17. Qe2 cxd4 18. Nxd4 Qc8 {0-1 (64) Ferre Perez,A (2187)-Tsikunov,A (2148) ICCF email 2018}) 13. e4 dxc4 14. Qe2 Nb6 (14... Qa6 $11) 15. Ne5 $14 Nfd7 ({Black should play} 15... Rd8 $14) 16. Ng4 $16 (16. Nxc4 $6 Nxc4 17. Qxc4 e5 $11) 16... h5 17. Ne3 e5 18. dxe5 Nxe5 {[#]} 19. Qxh5 (19. Ncd5 $1 $16 {[%cal Rd5e7][%mdl 512]} Ng6 (19... cxd5 20. Bxe5) 20. Nxe7+ (20. Nxc4 Nxc4 21. Nxe7+ Nxe7 $16) 20... Nxe7 21. Bd6 (21. Nxc4 Qb5 $14)) 19... Bf6 $14 20. Bxe5 g6 21. Qe2 Bxe5 22. Rac1 Qc5 23. Kh1 Bd4 24. Nc2 Bg7 (24... Bxf2 $6 25. Rd2 $16) 25. f4 Re8 26. e5 $1 Bf5 27. Nb4 (27. Be4 $16 {Threatens to win with Bxf5.} Be6 28. Nd4) 27... Qe7 28. g4 Be6 29. g5 Bf5 30. Ne4 (30. Be4 $16) 30... Bxe4 $11 31. Qxe4 Bf8 (31... Rad8 $11) 32. Na2 Rad8 33. Nc3 Rxd1+ 34. Rxd1 Rd8 {Threatening ...Rxd1+.} 35. Rxd8 Qxd8 36. Qe3 Be7 37. Be4 Nd7 38. e6 $1 {[%cal Re6d7]} Nf8 39. exf7+ Kxf7 40. Kg2 Qd7 41. h4 Qg4+ 42. Qg3 Qd7 43. Qf3 Qd2+ 44. Qf2 Qxf2+ 45. Kxf2 $14 {[%mdl 4096] Endgame KBN-KBN} Ne6 $1 46. Kf3 Bd6 $2 {White leaves nothing to chance now.} ({Better is} 46... Nc5 $1 $14) 47. f5 $18 Nd4+ (47... gxf5 {keeps fighting.} 48. Bxf5 Nf4 49. Nxa4 Nd3) 48. Kg4 gxf5+ 49. Bxf5 b5 (49... Nb5 $142 50. Nxa4 c3 51. Nxc3 Nxc3 52. bxc3 Bxa3) 50. h5 Be5 51. h6 b4 52. g6+ $1 ({And not} 52. Nxa4 Nxf5 53. Kxf5 Bxb2 $11) (52. axb4 a3 $16) 52... Kg8 $2 (52... Kf8 53. Ne4 (53. Nxa4 c3 $16) (53. axb4 a3 $16) 53... bxa3 54. bxa3 c3 55. g7+ Kg8) 53. axb4 a3 54. Bb1 $1 axb2 55. Ne4 $1 Kf8 {[#]} 56. Kg5 $2 (56. Ng3 $1 $18 {[%cal Rg3h5] and the rest is easy.} Bxg3 57. Kxg3) 56... Ke7 $2 {[%mdl 8192]} (56... Bh8 $16) 57. Kh5 $2 (57. g7 Kf7 {[#]} 58. Nd6+ $1 {[%mdl 512]} Bxd6 59. Bg6+ Ke7 60. g8=Q) 57... Kf8 58. Kg4 Bh8 $2 (58... Nb5 59. Kg5 Ke7) 59. Nd6 $2 (59. Ng3 Ne6 60. Nh5) 59... c3 $2 (59... Ne2 $18 60. Nxc4 Nc3) 60. g7+ {White mates.} Bxg7 61. hxg7+ {Cut Off at move 61} Kxg7 62. Nf5+ Nxf5 63. Kxf5 {KB-K3P} Kf7 64. Ke5 Ke7 65. Kd4 Kd6 66. Kxc3 c5 67. b5 c4 68. Kxc4 {Weighted Error Value: White=0.48/Black=0.39} 1-0

[Event "XXVII RUS-chT Premier 2020"]
[Site "Sochi"]
[Date "2020.11.27"]
[Round "8.2"]
[White "Alekseev, Evgeny"]
[Black "Matlakov, Maxim"]
[Result "0-1"]
[WhiteElo "2615"]
[BlackElo "2685"]
[Annotator "TA"]
[PlyCount "80"]
[EventDate "2020.11.19"]
[EventType "team-tourn"]
[EventCountry "RUS"]
[SourceTitle "playchess.com"]
[Source "ChessBase"]
[SourceQuality "1"]

{[%evp 9,80,11,29,0,0,0,0,0,0,0,0,6,30,25,26,37,20,26,4,28,24,17,8,3,10,0,11,0,0,0,0,0,0,0,0,-5,0,-27,-23,-28,-31,-40,-32,-34,0,0,0,-26,-28,-63,-62,-67,-67,-74,-66,-97,-66,-67,-64,-92,-75,-123,-121,-127,-56,-152,-140,-474,-474,-446,-435,-502,-489]} 1. e4 c5 2. Nf3 e6 3. d4 cxd4 4. Nxd4 Nc6 5. g3 d5 6. Bg2 {B44: Sicilian: Taimanov: 5 Nb5.} (6. Nc3 {looks sharper.} Nf6 7. Bg2 Bc5 8. Nb3 Bb4 9. O-O) 6... dxe4 7. Nxc6 {[%csl Gc6][%cal Rd1d8]} Qxd1+ 8. Kxd1 {The position is equal.} bxc6 9. Bxe4 Bb7 10. Nd2 {[%cal Bb1d2,Bd2b3,Bb3a5][%mdl 32]} O-O-O {[#]} 11. Ke1 $146 ({Predecessor:} 11. Ke2 Nf6 12. Bg2 Ba6+ 13. c4 Bb4 14. Bxc6 Bxd2 15. Bxd2 Bxc4+ 16. Ke1 Bd5 17. Bxd5 Rxd5 {1-0 (61) Sherzer,A (2440)-Horvath,Z (2345) Budapest 1990}) 11... Nf6 {...Rxd2! is the strong threat.} 12. Bf3 Nd5 13. a3 e5 14. Nb3 f5 15. Na5 e4 16. Be2 Be7 17. c4 Nc7 18. Be3 c5 19. Nxb7 Kxb7 20. f3 Ne6 21. fxe4 fxe4 22. Bg4 Rd3 23. Bxe6 {Threatens to win with Ke2.} (23. Bf2 $5 {[%cal Rg4e6]} Nd4 24. Rd1 $11) 23... Rxe3+ 24. Kd2 Bg5 25. h4 $1 Rd3+ 26. Kc2 Rd2+ 27. Kc3 Rd3+ {[%mdl 64] [#] Double Attack} 28. Kc2 Bf6 29. g4 Kc7 30. g5 Bd4 31. Rhe1 Rg3 {aiming for ...Rg2+.} 32. Re2 h6 33. gxh6 Rxh6 34. Bd5 e3 35. Rh1 a5 {[%cal Ba7a5,Ba5a4][%mdl 32]} 36. b3 Kd6 (36... Rf6 $17 37. h5 Rg4) 37. Kd3 ({Better is} 37. Rg2 $1 $15 Rxg2+ 38. Bxg2) 37... Ke5 $17 38. Rg2 $2 {[%mdl 8192]} (38. Rb1 $17 {is tougher.}) 38... Rxg2 $19 {Black is clearly winning.} 39. Bxg2 Rb6 40. Rb1 {[#]} a4 $1 {[%mdl 512] Weighted Error Value: White=0.32/Black=0.05} 0-1

[Event "XXVII RUS-chT Premier 2020"]
[Site "Sochi"]
[Date "2020.11.27"]
[Round "8.3"]
[White "Fedoseev, Vladimir"]
[Black "Kokarev, Dmitry"]
[Result "1/2-1/2"]
[WhiteElo "2676"]
[BlackElo "2621"]
[Annotator "TA"]
[PlyCount "118"]
[EventDate "2020.11.19"]
[EventType "team-tourn"]
[EventCountry "RUS"]
[SourceTitle "playchess.com"]
[Source "ChessBase"]
[SourceQuality "1"]

{[%evp 13,118,28,17,16,18,15,28,19,29,22,31,10,21,25,19,14,22,24,29,17,21,14,19,0,3,0,0,-11,0,0,22,5,6,12,11,-5,-2,-12,0,0,12,0,0,-25,-20,-22,0,-17,-8,-14,0,-8,0,0,41,0,0,0,0,0,0,0,0,0,0,0,0,-1,-10,-40,-40,-40,-40,-40,-40,-43,-2,-52,-52,-43,-37,-52,-52,-52,-54,-48,0,0,0,-36,-40,-66,-56,-56,-55,-31,-17,-18,-18,-21,0,-73,0,-8,0,-65,0]} 1. d4 Nf6 2. c4 g6 3. Nc3 Bg7 4. e4 d6 5. Be2 O-O 6. Be3 c5 7. d5 e6 8. Nf3 {E73: King's Indian: Averbakh Variation without 6...c5.} exd5 9. cxd5 Bg4 10. Nd2 {White has an edge.} Bxe2 11. Qxe2 Re8 12. O-O Na6 13. h3 Nc7 14. a4 a6 15. a5 {[#]} Qe7 $146 ({Predecessor:} 15... Rb8 16. Rfe1 Nb5 17. Qd3 Qd7 18. Bf4 Nh5 19. Bh2 f5 20. exf5 gxf5 21. Nc4 f4 {½-½ (48) Pashikian,A (2605)-Mikaelyan,A (2476) Yerevan 2020}) 16. Rae1 Nd7 17. f4 b5 18. axb6 Nxb6 19. Qd3 Nb5 20. Bf2 Qd7 21. f5 Qe7 22. Nxb5 axb5 23. Qxb5 Rab8 24. b3 Nxd5 $1 25. Qc4 Nb6 26. Qd3 Nd7 27. Bg3 Ne5 28. Qc2 Rb4 29. Kh1 Qg5 30. Bf4 Qh4 31. Bh2 Rd4 32. Re2 Qh5 33. Nc4 Nc6 {Hoping for ...Nb4.} 34. Re3 ({Wrong is} 34. Nxd6 $2 Rxd6 $1 {[%mdl 512]} 35. Ref2 (35. Bxd6 $2 {too greedy.} Nd4 $19 {[%mdl 64] Double Attack}) 35... Rdd8 $19) (34. Bxd6 $2 Nb4 $19) 34... Ne5 35. f6 Bh6 36. Re2 Nxc4 37. bxc4 Qh4 $1 {[%cal Re8e4]} 38. Qa4 Re6 39. e5 dxe5 40. Qa8+ Bf8 41. Bxe5 {Black must now prevent Rb1.} Qh5 $1 {[%cal Rh5e2]} 42. Rfe1 Rd1 $36 {[%mdl 2048] ( -> ...Qxe2). Black has some pressure.} 43. Qe4 Rxe1+ 44. Rxe1 Qg5 45. Kg1 (45. h4 $5 {[%cal Rh4g5]} Qd2 46. Rb1 $11) 45... h5 46. h4 Qd2 {Strongly threatening ...Bd6.} 47. Kf1 Bd6 48. Qa8+ $1 Kh7 {[#]} 49. Qb7 $1 {[%mdl 512]} Kg8 50. Qa8+ $1 Kh7 {[#]} 51. Qb7 $1 {[%mdl 512]} Qd3+ 52. Kg1 Kg8 53. Qa8+ $1 Bf8 $1 {...Rxe5! is the strong threat.} 54. Qd5 Qf5 55. g3 Qc2 {White should prevent ...Ra6.} 56. Kf1 $1 Qf5+ 57. Kg2 {[#]} (57. Kg1 $11) 57... Qc2+ (57... Bd6 $1 $17 {[%mdl 512]} 58. Bc3 (58. Bxd6 Qxd5+) 58... Qxd5+ 59. cxd5 Rxe1 60. Bxe1 Be5) 58. Kf1 $1 $11 Qf5+ 59. Kg2 {[#]} (59. Kg1 $11) 59... Qc2+ {Weighted Error Value: White=0.08/Black=0.08} ({Better is} 59... Bd6 $1 $15 {[%mdl 512]} 60. Bc3 (60. Bxd6 Qxd5+) 60... Qxd5+ 61. cxd5 Rxe1 62. Bxe1 Be5) 1/2-1/2

[Event "XXVII RUS-chT Premier 2020"]
[Site "Sochi"]
[Date "2020.11.27"]
[Round "8.4"]
[White "Makarian, Rudik"]
[Black "Khairullin, Ildar"]
[Result "0-1"]
[WhiteElo "2441"]
[BlackElo "2618"]
[Annotator "TA"]
[PlyCount "114"]
[EventDate "2020.11.19"]
[EventType "team-tourn"]
[EventCountry "RUS"]
[SourceTitle "playchess.com"]
[Source "ChessBase"]
[SourceQuality "1"]

{[%evp 19,114,0,27,20,24,19,31,19,32,26,33,23,21,29,34,4,8,0,22,-18,-15,-13,18,-16,-14,-64,-51,-44,0,0,0,0,-5,-5,-4,0,0,-38,0,0,0,0,0,0,0,-30,0,-77,-49,-135,-123,-121,-123,-150,-102,-184,-166,-253,0,-181,0,-262,-270,-235,-224,-290,-277,-275,-270,-261,-235,-264,-276,-269,-282,-283,-272,-279,-251,-505,-496,-469,-469,-740,-715,-29966,-1983,-29989,-837,-822,-826,-803,-760,-29989,-29990,-29998,-29999]} 1. e4 c5 2. Nf3 d6 3. d4 cxd4 4. Nxd4 Nf6 5. Nc3 a6 6. Be3 Ng4 7. Bc1 Nf6 8. f3 e5 9. Nb3 Be6 10. Be3 h5 (10... Nbd7 {keeps more tension.} 11. Qd2 b5 12. O-O-O Be7 13. a3 h5) 11. Nd5 {B90: Sicilian Najdorf: Unusual White 6th moves, 6 Be3 Ng4 and 6 Be3 e5.} Bxd5 12. exd5 Nbd7 13. Qd2 {White is slightly better.} g6 14. O-O-O Nb6 15. Kb1 Nbxd5 {15...Qc7 is becoming the main line.} 16. Bg5 {Black must now prevent Qxd5!} Be7 $1 17. h4 {[%mdl 1024] [#] White has compensation.} Qc7 $146 ({Predecessor:} 17... Nb6 18. Bd3 d5 19. Rhe1 Nfd7 20. Na5 Bxg5 21. hxg5 Qc7 22. c4 dxc4 23. Nxc4 O-O 24. Nxb6 Qxb6 25. g4 Nc5 {1-0 (72) Sasikiran,K (2669)-Can,E (2589) Khanty-Mansiysk 2017}) 18. g3 O-O-O 19. f4 Nb6 20. Bg2 d5 21. fxe5 Ne4 {[%mdl 64] Double Attack} 22. Qf4 Bxg5 $1 23. hxg5 Nc4 24. Rd4 Nxe5 25. Bxe4 dxe4 26. Rxe4 Nc6 $1 27. Qe3 Rd5 28. Re1 Rhd8 29. a3 Rd1+ 30. Rxd1 Rxd1+ 31. Ka2 Rd5 32. Rc4 Re5 (32... Qe5 $5 {[%cal Re5e3]} 33. Qb6 Qd6 $11) 33. Qc3 (33. Qf4 $11) 33... Rxg5 $17 34. Qd2 (34. Nd4 $15 Rxg3 35. Qe1) 34... Rg4 (34... Qxg3 $6 35. Nc5 $11) 35. Rc5 Qe7 $1 ({But not} 35... Rxg3 36. Qe1 $15) (35... Qxg3 $6 36. Na5 $11 (36. Qe2 Qd6 $17)) 36. Rd5 Re4 37. Rd6 (37. Nc5 $17 {was necessary.} Re5 38. Rxe5 Nxe5 39. Qd4) 37... Qe5 38. Rd5 (38. Rd3 $142) 38... Qe7 39. Rd6 $1 Qe5 (39... Re2 $142 40. Qd3 Qe4 41. Qxe4 Rxe4) 40. Rd5 $1 $19 {[%cal Rd5e5]} Qxg3 41. Nc5 Re7 $1 42. Qh6 Qg4 43. Qh8+ Kc7 {...Qc4+ is the strong threat.} 44. Qc3 Qf4 ({Weaker is} 44... Kb8 45. Nxa6+ bxa6 46. Qxc6 $15) 45. Qb3 {[%csl Gc5][%cal Rb3b7]} Kc8 $1 46. Qc3 Qe3 47. Qf6 {[#]} Qe2 $1 {[%cal Re2c4] Threatens to win with ...Qc4+.} 48. Qc3 Re3 49. Qh8+ $2 (49. Nd3) 49... Kc7 {aiming for ...Qc4+.} 50. Rd7+ Kb6 {Hoping for ...Qc4+.} 51. Nd3 (51. Qf6 $142 Qxc2 52. Qf4) 51... Qxc2 52. Qa8 {[#]} Rxd3 (52... Nb4+ $142 $1 {[%mdl 512]} 53. axb4 Qa4+ {[%mdl 64] Double Attack} 54. Kb1 Qxd7 55. Nc1 Re8 56. Qxe8 Qxe8 57. b5 h4 58. Kc2 h3 59. b3 h2 60. Nd3 Qe2+ 61. Kc3 h1=Q 62. bxa6 bxa6 63. Kd4 Qh8+ 64. Kd5 Qxd3#) 53. Rxb7+ Kc5 (53... Ka5 $142 54. Rb4 Rd1 55. Qh8 Qb1+ 56. Kb3 Rd3+ 57. Qc3 Nxb4 58. axb4+ Kb5 59. Qxd3+ Qxd3+ 60. Ka2 Kxb4 61. b3 Qd2+ 62. Ka1 Kxb3 63. Kb1 Qe1#) 54. Qf8+ Rd6 55. Rd7 Qd2 56. Kb1 Qe1+ 57. Kc2 Qd1+ {Weighted Error Value: White=0.60/Black=0.35} 0-1

[Event "XXVII RUS-chT Premier 2020"]
[Site "Sochi"]
[Date "2020.11.27"]
[Round "8.5"]
[White "Goganov, Aleksey"]
[Black "Petrov, Nikita"]
[Result "1/2-1/2"]
[WhiteElo "2602"]
[BlackElo "2577"]
[Annotator "TA"]
[PlyCount "82"]
[EventDate "2020.11.19"]
[EventType "team-tourn"]
[EventCountry "RUS"]
[SourceTitle "playchess.com"]
[Source "ChessBase"]
[SourceQuality "1"]

{[%evp 18,82,12,13,14,16,10,14,22,6,13,4,41,37,41,0,0,0,0,0,0,0,0,0,0,0,0,0,0,-26,-29,-41,-20,-49,-44,-57,-26,-82,-71,-71,-71,-68,-61,-90,-88,-95,-50,-35,-35,-58,-17,-14,-8,-5,0,0,0,0,0,0,0,0,0,0,0,0,0]} 1. d4 Nf6 2. c4 e6 3. g3 Bb4+ 4. Bd2 Be7 5. Bg2 d5 6. Nf3 O-O 7. O-O Nbd7 8. Qc2 c6 9. Rd1 b6 10. b3 h6 {10...a5 is setting a new trend. E11: Bogo-Indian.} 11. Bc3 Bb7 12. Nbd2 Qc7 13. e4 dxe4 14. Nxe4 {[#]} Rfd8 $146 ({Predecessor:} 14... Nxe4 15. Qxe4 c5 16. Qe3 Rfe8 17. Rd2 Rad8 18. Rad1 Qc8 19. dxc5 Nxc5 20. Rxd8 Rxd8 21. Rxd8+ Qxd8 22. Ne1 Bxg2 23. Kxg2 {½-½ (23) Alfaro de Hombre,J (2197)-Bartsch,R (2090) ICCF email 2016}) 15. Nxf6+ Nxf6 {[%cal Bd7f6,Bf6d5,Bd5b4][%mdl 32]} 16. c5 Nd5 17. Bb2 Nb4 18. Qc4 a5 19. a3 Ba6 20. Qc3 Nd5 21. Qc2 Rab8 22. Rab1 Bf6 23. Nd2 Be2 24. Rdc1 Bg4 25. Re1 Bf5 26. Be4 Ne7 27. cxb6 (27. Nc4 $11 {remains equal.}) 27... Qxb6 $17 28. Bc3 Qa6 29. Nf3 Bxe4 30. Rxe4 Rd5 31. b4 axb4 32. Bxb4 Rdb5 33. Ree1 Nd5 {[%cal Rd5b4]} (33... Qb7 $5 {[%cal Rc6c5]} 34. Qe4 Nd5 $17) 34. Bc5 {The position is equal.} Qb7 {[%cal Rb5b1]} 35. Nd2 Qa6 36. Rxb5 cxb5 37. Rb1 Qc6 38. Qd3 Bd8 39. Ne4 Bc7 40. h4 Qd7 41. Rb3 Qe8 {Weighted Error Value: White=0.07/Black=0.05} 1/2-1/2

[Event "XXVII RUS-chT Premier 2020"]
[Site "Sochi"]
[Date "2020.11.27"]
[Round "8.6"]
[White "Zakhartsov, Vladimir"]
[Black "Shimanov, Aleksandr"]
[Result "1-0"]
[WhiteElo "2484"]
[BlackElo "2593"]
[Annotator "TA"]
[PlyCount "51"]
[EventDate "2020.11.19"]
[EventType "team-tourn"]
[EventCountry "RUS"]
[SourceTitle "playchess.com"]
[Source "ChessBase"]
[SourceQuality "1"]

{[%evp 9,51,0,3,5,9,12,25,23,18,0,3,0,0,0,0,0,0,0,168,145,156,158,157,164,191,142,237,237,221,216,226,200,433,433,399,417,397,399,399,401,418,408,598,580]} 1. e4 e6 2. d4 d5 3. Nd2 c5 4. exd5 Qxd5 5. dxc5 Nf6 6. Ngf3 {C07: French Tarrasch: 3...c5, 4 Ngf3 and 4 exd5 Qxd5.} Qxc5 7. Bd3 Nbd7 8. O-O {White has an edge.} Be7 9. Qe2 {9.a4 deserves study.} Qc7 10. c4 b6 11. b3 Bb7 12. Bb2 {[#]} Qc6 $146 ({Predecessor:} 12... O-O 13. Ne4 Rad8 14. Rad1 Qf4 15. Bc1 Qg4 16. h3 Qh5 17. Bf4 Rfe8 18. Ng3 Qa5 {1-0 (60) Munoz Pantoja,M (2511)-Kovalenko,I (2654) Riga 2019}) 13. Rad1 O-O-O $2 {[#]} (13... O-O $11 {and Black stays safe.}) 14. c5 $1 $18 bxc5 (14... Nxc5 15. Bb5 $16) 15. Bb5 Qc7 16. Nc4 {Black must now prevent Nfe5.} Ng4 {aiming for ...Bxf3.} 17. g3 Nb6 (17... Kb8 $16) 18. Nfe5 (18. Bxg7 Rhg8 $14) 18... Nxc4 19. Nxc4 h5 20. f3 (20. Bxg7 $6 Rxd1 21. Rxd1 Rd8 $16) 20... h4 $2 (20... a6 21. Ba4 (21. fxg4 $2 axb5 22. Rxd8+ Rxd8 $19) 21... h4) 21. fxg4 {[%mdl 64] [#] Threatens to win with Be5. Discovered Attack} hxg3 22. Be5 {[%mdl 64] Double Attack} Rxh2 23. Qxh2 ({But not} 23. Rxd8+ $2 Qxd8 24. Qxh2 gxh2+ $19) 23... gxh2+ 24. Bxh2 Rxd1 25. Rxd1 Bf3 (25... Qd8 {was necessary.} 26. Rxd8+ Kxd8) 26. Ba6+ {Weighted Error Value: White=0.04/Black=0.45} ({Not} 26. Bxc7 Bxd1 27. Be5 f6 $18) 1-0

[Event "XXVII RUS-chT Premier 2020"]
[Site "Sochi"]
[Date "2020.11.27"]
[Round "8.7"]
[White "Dubov, Daniil"]
[Black "Artemiev, Vladislav"]
[Result "1/2-1/2"]
[WhiteElo "2699"]
[BlackElo "2708"]
[Annotator "TA"]
[PlyCount "135"]
[EventDate "2020.11.19"]
[EventType "team-tourn"]
[EventCountry "RUS"]
[SourceTitle "playchess.com"]
[Source "ChessBase"]
[SourceQuality "1"]

{[%evp 15,135,-9,-5,-2,0,-15,-27,-25,-34,-46,-7,-8,-17,-39,-18,-54,0,-56,0,0,-10,-13,0,0,0,0,0,0,0,0,0,0,0,0,0,0,0,0,0,0,0,0,0,-6,-6,-6,-7,-6,-6,-6,-6,-6,-6,-6,-6,-7,-8,-3,-4,-15,-15,-15,-16,-23,-16,-16,-16,-16,-3,-17,-17,-100,-107,-110,-91,-96,-93,-96,-96,-114,-103,-137,-137,-154,-154,-135,0,-96,-94,-83,-80,-330,-333,-452,-338,-456,-456,-29980,-29981,-29981,-29982,-29982,-29983,-29983,0,0,0,0,0,0,0,0,0,0,0,0,0,0,0,0,0,0]} 1. e4 e5 2. Nf3 Nc6 3. Bb5 a6 4. Ba4 Nf6 5. O-O b5 6. Bb3 Bb7 7. c3 Nxe4 8. Re1 Nc5 9. Bd5 {C78: Ruy Lopez: Archangelsk and Möller Defences.} Be7 10. d4 exd4 11. Ng5 {Black has an edge.} Ne6 {[#]} 12. Qh5 $1 {[%csl Gg5][%cal Rh5f7][%mdl 512]} Bxg5 (12... g6 $5 {[%cal Rg6h5]} 13. Qh6 b4 $17) 13. Bxg5 Qc8 14. Nd2 {[#]} Ncd8 $146 ({Predecessor:} 14... dxc3 15. bxc3 O-O 16. Ne4 f6 17. Bd2 Na5 18. Bxb7 Qxb7 19. Ng3 Nc4 20. Bc1 g6 {0-1 (33) Kiriazis,D (1805)-Zoulias,T (1920) Athens 1997}) 15. Bb3 {Threatening cxd4.} O-O 16. Be7 $1 {[%cal Re7f8]} Nf4 (16... dxc3 $5 17. bxc3 Re8 $17) 17. Qg4 $1 Nde6 {With the idea ...dxc3!} 18. Bxf8 Qxf8 19. Ne4 Bxe4 20. Rxe4 f5 21. Qxf4 $1 fxe4 22. Qxc7 Kh8 23. Bxe6 dxe6 24. cxd4 $11 {[%mdl 4096] Endgame KQR-KQR} Rc8 25. Qb7 Rc2 26. Rf1 Qc8 27. Qxe4 Rxb2 28. Re1 h6 29. d5 exd5 30. Qxd5 Re2 {[%cal Re2e1]} 31. Kf1 Rc2 32. g3 Qc4+ 33. Qxc4 Rxc4 {KR-KR} 34. Re3 Ra4 35. a3 g5 36. Ke2 Kg7 37. Rf3 Kg6 38. h3 h5 39. Rc3 Kf5 40. Kd3 Ke6 41. Ke3 Kd5 42. Rd3+ Ke5 43. f3 (43. Rb3 $11) 43... h4 $1 $17 {[%cal Rh4g3]} 44. gxh4 Rxh4 45. Rd8 Ra4 46. Rd3 Rc4 47. Rb3 Kd5 48. Kf2 Kc5 49. Re3 Kd4 $1 50. Rb3 Kc5 51. Re3 $1 Rd4 52. Re5+ Rd5 53. Re6 $2 (53. Re3 $17) 53... a5 $19 54. Ke3 Kc4 55. Rc6+ Rc5 56. Rxc5+ (56. Rg6 $19 Re5+ 57. Kf2) 56... Kxc5 57. f4 gxf4+ 58. Kxf4 {KPP-KPP} Kc4 ({Not} 58... b4 59. axb4+ axb4 60. Ke3 $11) 59. Ke3 {[#]} Kb3 $2 (59... a4 $1 {mates} 60. Ke2 b4 61. Kd2 Kb3 62. axb4 a3 63. b5 a2 64. Ke3 a1=Q 65. Ke4 {[#]} Qf1 $1 {[%mdl 512]} 66. Ke5 Qxb5+ 67. Ke6 Qh5 68. Kd6 Qf5 69. h4 Kc4 70. Ke7 Kd5 71. h5 Ke5 72. Ke8 Qe6+ 73. Kd8 Kd6 74. h6 Qg8#) 60. h4 $11 {Hoping for h5.The position is equal.} Kxa3 {And now ...b4 would win. KPP-KP} 61. h5 {h6 would kill now. Cut Off at move 61} b4 62. h6 $1 {[%cal Rh6h7] White threatens h7 and mate.} b3 {...b2 is the strong threat.} 63. h7 $1 {[%cal Rh7h8]} b2 64. h8=Q {White wants to mate with Qc3+.} b1=Q {Threatens to win with ...Qb3+.} 65. Qc3+ {[%mdl 64] Double Attack} Qb3 66. Kd2 a4 67. Qa1+ Kb4 68. Qd4+ {Black had all chances to win.  Weighted Error Value: White=0.30/Black=0.19} 1/2-1/2

[Event "XXVII RUS-chT Premier 2020"]
[Site "Sochi"]
[Date "2020.11.27"]
[Round "8.8"]
[White "Timofeev, Artyom"]
[Black "Riazantsev, Alexander"]
[Result "1/2-1/2"]
[WhiteElo "2585"]
[BlackElo "2628"]
[Annotator "TA"]
[PlyCount "33"]
[EventDate "2020.11.19"]
[EventType "team-tourn"]
[EventCountry "RUS"]
[SourceTitle "playchess.com"]
[Source "ChessBase"]
[SourceQuality "1"]

{[%evp 9,33,39,41,26,31,14,26,10,22,4,26,26,25,25,40,11,18,6,66,10,28,0,49,0,31,0]} 1. e4 g6 2. d4 Bg7 3. Nc3 d6 4. Be3 a6 5. Be2 b5 6. Bf3 {B06: Modern Defence.} e6 7. h4 h6 {[#]} 8. Nge2 $146 {White has an edge.} ({Predecessor:} 8. Qd2 Nd7 9. a4 b4 10. Nce2 Rb8 11. Rd1 Ne7 12. Nh3 a5 13. Ng3 Nb6 14. b3 {0-1 (87) Yoffie,M-Ujtelky,M Belgrade 1968}) 8... Nd7 9. Nf4 Ne7 10. Nd3 Rb8 11. Qd2 Bb7 12. Rd1 Ba8 13. a3 Nf6 (13... h5 $11) 14. Bf4 ({White should play} 14. O-O $14) 14... Nd7 15. Be3 Nf6 16. Bf4 Nd7 17. Be3 {Weighted Error Value: White=0.24/Black=0.14} 1/2-1/2